Software Diversity in Computerized Control Systems

Saved in:
Bibliographic Details
Other Authors: Voges, U.
Format: Book
Language:German
Published: Wien Springer 1988
Edition:1. Aufl.
Series:Dependable Computing and Fault - Tolerant Systems Vol.2
Tags: Add Tag
No Tags, Be the first to tag this record!

MARC

LEADER 00000nam a2200000 4500
001 c037694
005 20221219111612.3
041 0 |a ger 
044 |a AT 
245 1 0 |a Software Diversity in Computerized Control Systems  |c Edit. U. Voges 
250 |a 1. Aufl. 
264 1 |a Wien  |b Springer  |c 1988 
300 |a 216 s. 
490 1 |a Dependable Computing and Fault - Tolerant Systems  |v Vol.2 
830 0 |a Dependable Computing and Fault - Tolerant Systems  |v Vol.2 
700 1 |a Voges, U.